Osobnosti dejín financií obdobia existencie prvej Československej republiky bakalárska práca

Guardado en:
Detalles Bibliográficos
Autor principal: Capiaková, Darina
Autor Corporativo: Národohospodárska fakulta EU. Katedra financií
Otros Autores: Baláži, Peter
Formato: Libro
Lenguaje:eslovaco
Publicado: Bratislava 2018
Etiquetas: Agregar Etiqueta
Sin Etiquetas, Sea el primero en etiquetar este registro!

MARC

LEADER 00000nbm a2200000 4500
001 0245936
005 20181213104305.3
041 0 |a slo 
044 |a SK 
245 1 0 |a Osobnosti dejín financií obdobia existencie prvej Československej republiky  |b bakalárska práca  |c Darina Capiaková ; školiteľ: Peter Baláži 
264 1 |a Bratislava  |c 2018 
300 |a 41 s. 
100 1 |a Capiaková, Darina 
700 1 |a Baláži, Peter 
710 2 |a Národohospodárska fakulta EU. Katedra financií